000 00338 a2200157 4500
001 74308
020 _a858565155-5
040 _cAnchieta - Colégio São Paulo
100 _aAbreu,Dora
240 1 0 _asem ela, nada feito
_lpor
245 1 0 _asem ela, nada feito
300 _a99
362 0 _a2000
650 4 _aEducação
942 _cBK
999 _c74308
_d74308